| 000 | 00609nam a22002177a 4500 | ||
|---|---|---|---|
| 003 | RIC | ||
| 005 | 20140408044516.0 | ||
| 008 | 140408b xxu||||| |||| 00| 0 eng d | ||
| 020 | _a9789834606121 | ||
| 040 | _cJKKN | ||
| 082 | _a959.5 | ||
| 100 |
_aA. Aziz Deraman _9815 |
||
| 245 | 1 |
_aWacana peradaban Malaysia/ _cA.Aziz Deraman |
|
| 260 |
_aKuala Lumpur: _bDewan Bahasa dan Pustaka, _c2010. |
||
| 300 |
_axvii, 510p.; _c21cm. |
||
| 650 |
_aCivilization _xHistory |
||
| 650 |
_aIslamic civilization _zMalaysia |
||
| 650 |
_aCulture _zMalaysia |
||
| 651 |
_aMalaysia _xCivilization |
||
| 942 |
_2ddc _cBK |
||
| 999 |
_c1764 _d1760 |
||